| 000 | 00965nam a2200277Ia 4500 | ||
|---|---|---|---|
| 003 | OSt | ||
| 005 | 20221005022834.0 | ||
| 006 | a|||||r|||| 00| 0 | ||
| 007 | ta | ||
| 008 | 221004b |||||||| |||| 00| 0 eng d | ||
| 020 |
_a9789042021631 (hbk) _c3453.90 |
||
| 024 | _a89180 | ||
| 037 |
_b11799, 22/02/2008, Overseas Press _cTextual |
||
| 040 |
_aCRL _cCRL _beng |
||
| 041 |
_2eng _aeng |
||
| 082 | _aO111:gN, P7 | ||
| 100 |
_aRonning Anne Holden Ed. _9578740 |
||
| 245 | 0 |
_aReadings of the particular _b The postcolonial in the postnational |
|
| 260 |
_aAmsterdam _bRodopi The Netherlands _c2007 |
||
| 300 |
_axiv, 262p. _ccm. |
||
| 490 | _aCress culture reading in the post / colonial literature in english | ||
| 650 | _aENGLISH LITERATURE | ||
| 700 |
_a Johannessen Lene Ed. _9578741 |
||
| 942 |
_hO111:gN, P7 _cTEXL _2cc |
||
| 999 |
_c930092 _d930092 |
||